00654nam a2200193Ia 4500952014300000999001500143003000400158005001700162008004100179020001800220040000900238082001800247100002900265245004500294260005700339300000900396650001300405942004200418 00102ddc40708ACCOUNTINGaMESbMEScACCOUNTINGd2019-02-20g275.00l0o657.42 RAO/Ep34291r2019-02-20 00:00:00w2019-02-20yBKzGL56R3 c7523d7523OSt20200114131142.0190216s9999||||xx |||||||||||||| ||und|| a9788122426670 coclc a657.42bRAO/E aRao, M E Thukaram 91185 0aElements Of Costing /cM E Thukaram Rao  bNew Age International Publishers,c2009.aNew Delhi: a502p aCommerce cBK2ddch657.42iRAO/Ek657.42mRAO/E